Statistics for WCW - Goldberg's PPV Opponents

Click here to take the quiz!

General Stats

  • This quiz has been taken 197 times
  • The average score is 19 of 28

Answer Stats

YearEventMatch TypeAnswer% Correct
2000Bash at the BeachKevin Nash
97%
1998StarrcadeNo DQ MatchKevin Nash
97%
2000New Blood RisingTriple Threat MatchKevin Nash
97%
1999Spring StampedeKevin Nash
97%
1999Souled OutLadder Stun-Gun MatchScott Hall
94%
1999Halloween HavocSting
89%
1999SlamboreeSting
89%
1998Halloween HavocDiamond Dallas Page
85%
1999Fall BrawlDiamond Dallas Page
85%
1999StarrcadeNo DQ MatchBret Hart
84%
2000Fall BrawlNo DQ MatchScott Steiner
81%
2000New Blood RisingTriple Threat MatchScott Steiner
81%
1999Road WildRick Steiner
76%
2000MayhemLex Luger
73%
2000StarrcadeLex Luger
73%
2001SinTag Team MatchLex Luger
73%
2001SinTag Team MatchBuff Bagwell
56%
1999Halloween HavocSid Vicious
56%
1999Mayhem"I Quit" MatchSid Vicious
56%
1998Bash at the BeachCurt Hennig
49%
1997StarrcadeSteve McMichael
49%
1998The Great American BashKonnan
44%
2000Halloween Havoc2-on-1 Handicap MatchBrian Adams
38%
1998SlamboreePerry Saturn
37%
1998Spring StampedePerry Saturn
37%
2000Halloween Havoc2-on-1 Handicap MatchBryan Clark
36%
1999SuperBrawl IXBam Bam Bigelow
34%
1998SuperBrawl VIIIBrad Armstrong
18%

Score Distribution

Percentile by Number Answered

Percent of People with Each Score

Your Score History

You have not taken this quiz